| 000 | 00557nam a22002057a 4500 | ||
|---|---|---|---|
| 003 | NUST-PNEC | ||
| 005 | 20170114142455.0 | ||
| 008 | 140424b xxu||||| |||| 00| 0 eng d | ||
| 020 | _a8178085909 | ||
| 040 | _cPNEC | ||
| 082 | _a621.3815 BOY | ||
| 100 |
_944 _aBoylestad, Robert L. |
||
| 245 |
_aElectronic devices and circuit theory _cRobert L. Boylestad, Louis Nashelsky |
||
| 250 | _a8th ed. | ||
| 260 |
_aDelhi _bPearson Education _cc.2002 |
||
| 300 |
_a1042 p. : _bill. : _c26 cm. |
||
| 500 | _aIncludes index. | ||
| 650 | _xEE, EL | ||
| 942 |
_2ddc _cBK |
||
| 999 |
_c60003 _d60003 |
||